000 00529nam a2200169 i 4500
001 46390
003 ES-MaACL
005 20260210163242.0
007 t|
008 030328s1967 sp ||||1| spa d
245 0 0 _aConferencias 1966-67.
260 _aMadrid :
_bInstituto Nacional de Investigaciones Agronómicas,
_c1967.
300 _a185 p., 8 lám. :
_bil. ;
_c24 cm.
710 _aInstituto Nacional de Investigaciones Agronómicas
_c(España)
_9219222
852 _aES-MaACL
_jC-46702
_bR.60835
999 _c46390
_d46390